| 000 | 00764nam a2200241 4500 | ||
|---|---|---|---|
| 005 | 20250929100203.0 | ||
| 020 |
_a9780195685886 _cTZs.19390.41 |
||
| 040 |
_aMCCL _beng _eAACR 2nd rev. ed. |
||
| 082 | _a658.4012 MEL | ||
| 100 | _aMellahi , Kamel. | ||
| 245 |
_aGlobal strategic management/ _c Kamel Mellahi, J.George Frynas and Paul Finlay |
||
| 260 |
_aNew York : _bOxford University Press, _cc2005 |
||
| 300 |
_axix,395 P.: _bill.; _c23cm. |
||
| 504 | _aIncludes index | ||
| 546 | _aeng. | ||
| 650 | _aStrategic planning | ||
| 650 | _aInternational business enterprises--Management | ||
| 650 | _aInternational business enterprises | ||
| 650 | _aInternational economic relations | ||
| 700 | _aFrynas, George J. | ||
| 700 | _aFinlay, Paul | ||
| 942 | _cBK | ||
| 999 |
_c11252 _d11252 |
||